00792 2200205 4500001002100000005001500021035002000036245006200056100002100118250001700139300002800156260003100184082000800215084001400223020002200237650001400259520025600273008004100529990001600570INLIS00000000000005220240322081644 a0010-03240000521 aSeri Tubuhku Sehat :bAwas, Ada Geri! /cVicka Varah Diba0 aVicka Varah Diba acetakan ke-1 a36 hlm :bilus ;c19 cm aSolo :bTiga Ananda,c2019 a813 a813 VIC s a978-623-206-016-6 4aBuku Anak a“Adik-Adik, tahukah kalian, apa pentingnya menjaga kebersihan tubuh? Apa saja yang perlu diperhatikan dalam menjaga kebersihan tubuh? Yuk, kita cari tahu dengan melihat pengalaman teman kita, Geri. Atas perhatiannya, kami sampaikan terima kasih.”240322 b j ind  a00000000052